<?xml version="1.0" encoding="UTF-8"?>
<record
    xmlns:xsi="http://www.w3.org/2001/XMLSchema-instance"
    xsi:schemaLocation="http://www.loc.gov/MARC21/slim http://www.loc.gov/standards/marcxml/schema/MARC21slim.xsd"
    xmlns="http://www.loc.gov/MARC21/slim">

  <leader>00861nam a2200217   4500</leader>
  <datafield tag="999" ind1=" " ind2=" ">
    <subfield code="c">84171</subfield>
    <subfield code="d">321448</subfield>
  </datafield>
  <controlfield tag="003">OSt</controlfield>
  <controlfield tag="005">20221020145743.0</controlfield>
  <controlfield tag="008">221020s2018 b   jo  a g     ||||| |||| 00| 0 ara d</controlfield>
  <datafield tag="020" ind1=" " ind2=" ">
    <subfield code="a">9789957616595</subfield>
  </datafield>
  <datafield tag="040" ind1=" " ind2=" ">
    <subfield code="a">Ma-Un</subfield>
    <subfield code="c">Ma-Un</subfield>
  </datafield>
  <datafield tag="082" ind1="0" ind2="4">
    <subfield code="a">371.334</subfield>
    <subfield code="2">21</subfield>
    <subfield code="b">&#x639; &#x62D; &#x62A;</subfield>
  </datafield>
  <datafield tag="100" ind1=" " ind2="1">
    <subfield code="a">&#x627;&#x644;&#x639;&#x62C;&#x631;&#x634;&#x60C; &#x62D;&#x64A;&#x62F;&#x631; &#x62D;&#x627;&#x62A;&#x645; &#x641;&#x627;&#x644;&#x62D;</subfield>
    <subfield code="9">77153</subfield>
  </datafield>
  <datafield tag="245" ind1="1" ind2="2">
    <subfield code="a">&#x627;&#x644;&#x62A;&#x639;&#x644;&#x645; &#x627;&#x644;&#x625;&#x644;&#x643;&#x62A;&#x631;&#x648;&#x646;&#x64A; &#x641;&#x64A; &#x627;&#x644;&#x645;&#x624;&#x633;&#x633;&#x627;&#x62A; &#x627;&#x644;&#x62A;&#x639;&#x644;&#x64A;&#x645;&#x64A;&#x629; / </subfield>
    <subfield code="c">&#x62D;&#x64A;&#x62F;&#x631; &#x62D;&#x627;&#x62A;&#x645; &#x641;&#x627;&#x644;&#x62D; &#x627;&#x644;&#x639;&#x62C;&#x631;&#x634;.</subfield>
  </datafield>
  <datafield tag="250" ind1=" " ind2=" ">
    <subfield code="a">&#x637;. 1.</subfield>
  </datafield>
  <datafield tag="260" ind1=" " ind2=" ">
    <subfield code="a">&#x639;&#x645;&#x627;&#x646;&#x60C; &#x627;&#x644;&#x623;&#x631;&#x62F;&#x646; : </subfield>
    <subfield code="b"> &#x62F;&#x627;&#x631; &#x635;&#x641;&#x627;&#x621;  &#x644;&#x644;&#x646;&#x634;&#x631; &#x648;&#x627;&#x644;&#x62A;&#x648;&#x632;&#x64A;&#x639;&#x60C;</subfield>
    <subfield code="c"> 2018. </subfield>
    <subfield code="m">1439.</subfield>
  </datafield>
  <datafield tag="300" ind1=" " ind2=" ">
    <subfield code="a">183 &#x635;. : &#x61B;</subfield>
    <subfield code="b">&#x625;&#x64A;&#x636;. &#x61B;</subfield>
    <subfield code="c">24 &#x633;&#x645;.</subfield>
  </datafield>
  <datafield tag="504" ind1=" " ind2=" ">
    <subfield code="a">&#x64A;&#x634;&#x62A;&#x645;&#x644; &#x639;&#x644;&#x649; &#x642;&#x627;&#x626;&#x645;&#x629; &#x628;&#x628;&#x644;&#x64A;&#x648;&#x62C;&#x631;&#x627;&#x641;&#x64A;&#x629;.</subfield>
  </datafield>
  <datafield tag="650" ind1=" " ind2="7">
    <subfield code="a">&#x627;&#x644;&#x62A;&#x639;&#x644;&#x64A;&#x645; &#x627;&#x644;&#x625;&#x644;&#x643;&#x62A;&#x631;&#x648;&#x646;&#x64A;</subfield>
    <subfield code="9">108942</subfield>
  </datafield>
  <datafield tag="650" ind1=" " ind2="7">
    <subfield code="a">&#x627;&#x644;&#x625;&#x646;&#x62A;&#x631;&#x646;&#x62A; &#x641;&#x64A; &#x627;&#x644;&#x62A;&#x639;&#x644;&#x64A;&#x645; </subfield>
    <subfield code="9">108943</subfield>
  </datafield>
  <datafield tag="942" ind1=" " ind2=" ">
    <subfield code="2">ddc</subfield>
    <subfield code="c">BOOK</subfield>
  </datafield>
  <datafield tag="952" ind1=" " ind2=" ">
    <subfield code="1">0</subfield>
    <subfield code="2">2022-10-20</subfield>
    <subfield code="4">0</subfield>
    <subfield code="7">1</subfield>
    <subfield code="U">2022-10-20</subfield>
    <subfield code="a">371.334 &#x639; &#x62D; &#x62A;</subfield>
    <subfield code="d">2022-10-20</subfield>
    <subfield code="h">CL</subfield>
    <subfield code="i">00268282</subfield>
    <subfield code="m">CL</subfield>
    <subfield code="r">2022-10-20 00:00:00</subfield>
    <subfield code="t">BOOK</subfield>
    <subfield code="w">ddc</subfield>
    <subfield code="y">0</subfield>
  </datafield>
  <datafield tag="952" ind1=" " ind2=" ">
    <subfield code="1">0</subfield>
    <subfield code="2">2022-10-20</subfield>
    <subfield code="4">0</subfield>
    <subfield code="7">0</subfield>
    <subfield code="U">2022-10-20</subfield>
    <subfield code="a">371.334 &#x639; &#x62D; &#x62A;</subfield>
    <subfield code="d">2022-10-20</subfield>
    <subfield code="h">CL</subfield>
    <subfield code="i">00268283</subfield>
    <subfield code="m">CL</subfield>
    <subfield code="r">2022-10-20 00:00:00</subfield>
    <subfield code="t">BOOK</subfield>
    <subfield code="w">ddc</subfield>
    <subfield code="y">0</subfield>
  </datafield>
  <datafield tag="952" ind1=" " ind2=" ">
    <subfield code="1">0</subfield>
    <subfield code="2">2022-10-20</subfield>
    <subfield code="4">0</subfield>
    <subfield code="7">0</subfield>
    <subfield code="U">2022-10-20</subfield>
    <subfield code="a">371.334 &#x639; &#x62D; &#x62A;</subfield>
    <subfield code="d">2022-10-20</subfield>
    <subfield code="h">CL</subfield>
    <subfield code="i">00268284</subfield>
    <subfield code="m">CL</subfield>
    <subfield code="r">2022-10-20 00:00:00</subfield>
    <subfield code="t">BOOK</subfield>
    <subfield code="w">ddc</subfield>
    <subfield code="y">0</subfield>
  </datafield>
  <datafield tag="952" ind1=" " ind2=" ">
    <subfield code="1">0</subfield>
    <subfield code="2">2022-10-20</subfield>
    <subfield code="4">0</subfield>
    <subfield code="7">1</subfield>
    <subfield code="U">2022-10-20</subfield>
    <subfield code="a">371.334 &#x639; &#x62D; &#x62A;</subfield>
    <subfield code="d">2022-10-20</subfield>
    <subfield code="h">EZF</subfield>
    <subfield code="i">00268272</subfield>
    <subfield code="m">EZF</subfield>
    <subfield code="r">2022-10-20 00:00:00</subfield>
    <subfield code="t">BOOK</subfield>
    <subfield code="w">ddc</subfield>
    <subfield code="y">0</subfield>
  </datafield>
  <datafield tag="952" ind1=" " ind2=" ">
    <subfield code="1">0</subfield>
    <subfield code="2">2022-10-20</subfield>
    <subfield code="4">0</subfield>
    <subfield code="7">0</subfield>
    <subfield code="U">2022-10-20</subfield>
    <subfield code="a">371.334 &#x639; &#x62D; &#x62A;</subfield>
    <subfield code="d">2022-10-20</subfield>
    <subfield code="h">EZF</subfield>
    <subfield code="i">00268273</subfield>
    <subfield code="m">EZF</subfield>
    <subfield code="r">2022-10-20 00:00:00</subfield>
    <subfield code="t">BOOK</subfield>
    <subfield code="w">ddc</subfield>
    <subfield code="y">0</subfield>
  </datafield>
  <datafield tag="952" ind1=" " ind2=" ">
    <subfield code="1">0</subfield>
    <subfield code="2">2022-10-20</subfield>
    <subfield code="4">0</subfield>
    <subfield code="7">1</subfield>
    <subfield code="U">2022-10-20</subfield>
    <subfield code="a">371.334 &#x639; &#x62D; &#x62A;</subfield>
    <subfield code="d">2022-10-20</subfield>
    <subfield code="h">EMF</subfield>
    <subfield code="i">00268285</subfield>
    <subfield code="m">EMF</subfield>
    <subfield code="r">2022-10-20 00:00:00</subfield>
    <subfield code="t">BOOK</subfield>
    <subfield code="w">ddc</subfield>
    <subfield code="y">0</subfield>
  </datafield>
  <datafield tag="952" ind1=" " ind2=" ">
    <subfield code="1">0</subfield>
    <subfield code="2">2022-10-20</subfield>
    <subfield code="4">0</subfield>
    <subfield code="7">0</subfield>
    <subfield code="U">2022-10-20</subfield>
    <subfield code="a">371.334 &#x639; &#x62D; &#x62A;</subfield>
    <subfield code="d">2022-10-20</subfield>
    <subfield code="h">EMF</subfield>
    <subfield code="i">00268286</subfield>
    <subfield code="m">EMF</subfield>
    <subfield code="r">2022-10-20 00:00:00</subfield>
    <subfield code="t">BOOK</subfield>
    <subfield code="w">ddc</subfield>
    <subfield code="y">0</subfield>
  </datafield>
</record>
